000 00296nam a22001337a 4500
008 170511b xxu||||| |||| 00| 0 eng d
020 _a0314211713
041 _aeng
080 _a34
100 _a15
101 _aSHJ
245 _aREGULATION AND DEREGULATION
_cHARRISON, J.L
942 _2udc
_cBK
999 _c13077
_d13077